25 Maiores PIBS do Rio Grande do Sul - Statistics

Estatísticas Gerais
  • Esse quiz foi jogado 121 vezes
  • A pontuação média é 17 de 25
Estatísticas das Respostas
Hint Resposta % Correto
1 Porto Alegre
100%
2 Caxias do Sul
98%
10 Pelotas
96%
11 Santa Maria
90%
3 Canoas
87%
5 Rio Grande
84%
9 Novo Hamburgo
82%
18 Viamão
78%
14 Bento Gonçalves
76%
4 Gravataí
76%
16 Erechim
74%
8 Passo Fundo
74%
6 São Leopoldo
70%
17 Lajeado
64%
7 Santa Cruz do Sul
64%
23 Sapucaia do Sul
59%
13 Guaíba
58%
21 Ijuí
58%
15 Cachoeirinha
57%
22 Farroupilha
51%
24 Sapiranga
40%
20 Cruz Alta
37%
25 Venâncio Aires
31%
19 Montenegro
29%
12 Triunfo
24%
Nenhum quiz correspondente encontrado
Distribuição das Pontuações
Porcentagem de Pessoas com Cada Pontuação
Percentil de Números Respondidos
Sua Pontuação Histórica
Você não jogou esse quiz